Financovanie vysokoškolského vzdelávania s finančnou participáciou študentov vo vybranej krajine diplomová práca

Uložené v:
Podrobná bibliografia
Hlavný autor: Langová, Petra
Korporativný autor: Národohospodárska fakulta EU. Katedra financií
Ďalší autori: Belkovicsová, Daša, 1982-
Médium: Kniha
Jazyk:Slovak
Vydavateľské údaje: Bratislava 2011
Tagy: Pridať tag
Žiadne tagy, Buďte prvý, kto otaguje tento záznam!

MARC

LEADER 00000nbm a2200000 4500
001 0130764
005 20161109101614.7
041 0 |a slo 
044 |a SK 
245 1 0 |a Financovanie vysokoškolského vzdelávania s finančnou participáciou študentov vo vybranej krajine  |b diplomová práca  |c Petra Langová ; školiteľ: Daša Belkovicsová 
264 1 |a Bratislava  |c 2011 
300 |a 82 s. 
100 1 |a Langová, Petra 
700 1 |a Belkovicsová, Daša, 1982- 
710 2 |a Národohospodárska fakulta EU. Katedra financií